banner-ar

HAMLET AU LA LONGUE NUIT PREND FIN / (Record no. 12524)

MARC details
000 -الفاتح
حقل البيانات ثابتة الطول 00548nam a2200217Ia 4500
008 - عناصر البيانات ثابتة الطول - معلومات عامة
حقل البيانات ثابتة الطول 140319s9999 xx 000 0 eng d
040 ## - مصدر الفهرسة
وكالة الفهرسة الأصلية GCL /
وكالة النسخ GCL
082 04 - رقم تصنيف ديوى العشرى
رقم التصنيف 833
رقم المادة D H
100 1# - المدخل الرئيسى - إسم شخصى
الإسم الشخصى DOBLIN, ALFRED
245 10 - بيان العنوان
العنوان HAMLET AU LA LONGUE NUIT PREND FIN /
بيان المسئوليه,etc DOBLIN, ALFRED
700 1# - المدخل الاضافى - اسم شخصى
الإسم الشخصى WINTZEN, ELISABETH
700 1# - المدخل الاضافى - اسم شخصى
الإسم الشخصى WINTZEN, RENE
260 ## - PUBLICATION, DISTRIBUTION, ETC. (IMPRINT)
تاريخ النشر أو التوزيع 1988
300 ## - الوصف المادى
التعداد 501 P
650 04 - المدخل الاضافى بالموضوع-مصطلح موضوعى
مصطلح موضوعي LITERATURE
650 04 - المدخل الاضافى بالموضوع-مصطلح موضوعى
مصطلح موضوعي FICTION
650 04 - المدخل الاضافى بالموضوع-مصطلح موضوعى
مصطلح موضوعي GERMAN FICTION
650 04 - المدخل الاضافى بالموضوع-مصطلح موضوعى
مصطلح موضوعي GERMAN LITERATURE
942 ## - عناصر المدخل الإضافي( كوها)
مصدر التصنيف او مخطط الترفيف Dewey Decimal Classification
Koha [default] item type كتاب
260 ## - PUBLICATION, DISTRIBUTION, ETC. (IMPRINT)
-- [S.N] :
-- FAYARD ،
Holdings
حالة التراجع حالة الفقد حالة تلف ليس للاعارة المكان المؤقت الموقع الحالى تاريخ الاكتساب اجمالي اﻻعارات رقم الطلب الباركود تاريخ اخر مشاهدة تاريخ تفعيل السعر نوع وعاء كوها
        مكتبة القاهرة الكبرى مكتبة القاهرة الكبرى 03/26/2014   833\D H 24313 03/26/2014 03/26/2014 كتاب

Powered By

EGPV